FUNDAMENTALS of chemistry
Պահպանված է:
| Ձևաչափ: | Գիրք |
|---|---|
| Լեզու: | անգլերեն |
| Հրապարակվել է: |
Ibadan University Press
2022
|
| Ցուցիչներ: |
Ավելացրեք ցուցիչ
Չկան պիտակներ, Եղեք առաջինը, ով նշում է այս գրառումը!
|
MARC
| LEADER | 00000nam a22000007a 4500 | ||
|---|---|---|---|
| 008 | 240125b |||||||| |||| 00| 0 eng d | ||
| 020 | |a 9789785927948 | ||
| 245 | |a FUNDAMENTALS of chemistry |c /edited by Adebayo Ojo Oyewale, Sinon Komo Okwute, Yilkur Nandul Lohdip |g ix, 743p;ill | ||
| 250 | |c Oyewale, Adebayo Ojo | ||
| 250 | |b Okwute, Sinon Komo | ||
| 250 | |b Lohdip,Yilkur Nandul | ||
| 260 | |b Ibadan University Press |c 2022 |h Ibadan, Nigeria |i 702041 |i 702042 |i 702043 |i 702044 |l QD31.2.F96 |m Chemistry | ||
| 500 | |a it includes index | ||
| 942 | |a lcc |c BK |e Johnson |f 24/01/24 | ||
| 952 | |0 0 |1 0 |2 lcc |4 0 |6 QD00312 F96 |7 0 |9 4833 |a SL |b HOL |c QZ |d 2024-01-25 |l 0 |o QD31.2.F96 |p 2024-0086 |r 2024-01-25 00:00:00 |t 702041 |w 2024-01-25 |y BK | ||
| 952 | |0 0 |1 0 |2 lcc |4 0 |6 QD00312 F96 |7 0 |9 4834 |a SL |b HOL |c QZ |d 2024-01-25 |l 0 |o QD31.2.F96 |p 2024-0087 |r 2024-01-25 00:00:00 |t 702042 |w 2024-01-25 |y BK | ||
| 952 | |0 0 |1 0 |2 lcc |4 0 |6 QD00312 F96 |7 0 |9 4835 |a HOL |b HOL |c QZ |d 2024-01-25 |l 0 |o QD31.2.F96 |p 2024-0088 |r 2024-01-25 00:00:00 |t 702043 |w 2024-01-25 |y BK | ||
| 952 | |0 0 |1 0 |2 lcc |4 0 |6 QD00312 F96 |7 0 |9 4836 |a HOL |b HOL |c QZ |d 2024-01-25 |l 0 |o QD31.2.F96 |p 2024-0089 |r 2024-01-25 00:00:00 |t 702044 |w 2024-01-25 |y BK | ||
| 999 | |c 2412 |d 2412 | ||